Teorie zahálčivé třídy

Saved in:
Bibliographic Details
Main Author: Veblen, Thorstein
Other Authors: Ogrocká, Jana
Format: Book
Language:Czech
Published: Praha SLON 1999
Subjects:
Tags: Add Tag
No Tags, Be the first to tag this record!

MARC

LEADER 00000nam a2200000 4500
001 c129686
005 20230220122928.6
020 |a 80-85850-71-0 
041 0 |a cze 
044 |a CZ 
245 1 0 |a Teorie zahálčivé třídy  |c Thorstein Veblen ; Přeložila: Jana Ogrocká 
264 1 |a Praha  |b SLON  |c 1999 
300 |a 344 s. 
610 2 0 |a triedy spoločenské 
610 2 0 |a vývoj spoločenský 
610 2 0 |a štýl životný 
610 2 0 |a majetok 
610 2 0 |a konkurencia 
610 2 0 |a spotreba 
610 2 0 |a peniaze 
610 2 0 |a kultúra 
610 2 0 |a konzervativizmus 
100 1 |a Veblen, Thorstein 
700 1 |a Ogrocká, Jana